Every Song by Rancid - Statistics

General Stats
  • This quiz has been taken 12 times
  • The average score is 24 of 224
Answer Stats
Album Song % Correct
Let's Go(1994) Radio
100%
Let's Go(1994) Let's Go
78%
...And Out Come the Wolves(1995) Time Bomb
78%
Life Won't Wait(1998) Life Won't Wait
67%
...And Out Come the Wolves(1995) Ruby Soho
67%
Indestructible(2003) Fall Back Down
56%
...Honor is All We Know(2014) Honor is All We Know
56%
Indestructible(2003) Indestructible
56%
...And Out Come the Wolves(1995) Olympia WA.
56%
...And Out Come the Wolves(1995) Roots Radicals
56%
...And Out Come the Wolves(1995) Maxwell Murder
44%
Let's Go(1994) Salvation
44%
...And Out Come the Wolves(1995) As Wicked
33%
...And Out Come the Wolves(1995) Avenues & Alleyways
33%
...And Out Come the Wolves(1995) Old Friend
33%
Indestructible(2003) Red Hot Moon
33%
Let's Go(1994) St. Mary
33%
Let's Go(1994) Tenderloin
33%
Let's Go(1994) 7 Years Down
22%
Indestructible(2003) Arrested in Shanghai
22%
Rancid(2000) Axiom
22%
Rancid(2000) Blackhawk Down
22%
Life Won't Wait(1998) Bloodclot
22%
Life Won't Wait(1998) Coppers
22%
Life Won't Wait(1998) Crane Fist
22%
...And Out Come the Wolves(1995) Daly City Train
22%
Indestructible(2003) David Courtney
22%
Rancid(2000) Dead Bodies
22%
Indestructible(2003) Ghost Band
22%
Let's Go(1994) Gunshot
22%
Rancid(1993) Hyena
22%
...And Out Come the Wolves(1995) Journey to the End of the East Bay
22%
...And Out Come the Wolves(1995) Junkie Man
22%
Life Won't Wait(1998) Leicester Square
22%
Let's Go(1994) Name
22%
Let's Go(1994) Nihilism
22%
Indestructible(2003) Out of Control
22%
Rancid(2000) Radio Havana
22%
Rancid(1993) Rats in the Hallway
22%
Let's Go(1994) Side Kick
22%
Let's Go(1994) Solidarity
22%
Let's Go(1994) The Ballad of Jimmy & Johnny
22%
...And Out Come the Wolves(1995) The Wars End
22%
Life Won't Wait(1998) The Wolf
22%
Life Won't Wait(1998) 1998
11%
Rancid(1993) Adina
11%
Let's Go(1994) As One
11%
Life Won't Wait(1998) Backslide
11%
Indestructible(2003) Back Up Against the Wall
11%
Rancid EP(1992) Battering Ram
11%
Let's Go(1994) Black & Blue
11%
Rancid(2000) Black Derby Jacket
11%
Life Won't Wait(1998) Black Lung
11%
Indestructible(2003) Born Frustrated
11%
Let's Go(1994) Burn
11%
Life Won't Wait(1998) Cash, Culture and Violence
11%
Life Won't Wait(1998) Cocktails
11%
Life Won't Wait(1998) Corazón de Oro
11%
Rancid(2000) Corruption
11%
Rancid(1993) Detroit
11%
Rancid(2000) Disgruntled
11%
...And Out Come the Wolves(1995) Disorder and Disarray
11%
Indestructible(2003) Django
11%
Let the Dominoes Fall(2009) Dominoes Fall
11%
Rancid(2000) Don Giovanni
11%
Let's Go(1994) Dope Sick Girl
11%
B Sides and C Sides(Bonus)(2007) Fuck You
11%
Let's Go(1994) Gave It Away
11%
Rancid(2000) GGF (Golden Gate Fields)
11%
Let's Go(1994) Ghetto Box
11%
...Honor is All We Know(2014) Grave Digger
11%
Let's Go(1994) Harry Bridges
11%
Rancid(1993) Holiday Sunrise
11%
Life Won't Wait(1998) Hooligans
11%
Life Won't Wait(1998) Hoover Street
11%
Let's Go(1994) I Am the One
11%
Rancid EP(1992) Idle Hands
11%
Rancid EP(1992) I'm Not the Only One
11%
Rancid(1993) Injury
11%
Let's Go(1994) International Cover-Up
11%
Life Won't Wait(1998) Intro
11%
Rancid(2000) It's Quite Alright
11%
Indestructible(2003) Ivory Coast
11%
Indestructible(Bonus)(2003) Killing Zone
11%
Life Won't Wait(1998) Lady Liberty
11%
Rancid(2000) Let Me Go
11%
...And Out Come the Wolves(1995) Listed M.I.A.
11%
...And Out Come the Wolves(1995) Lock, Step & Gone
11%
Rancid(2000) Meteor of War
11%
Let's Go(1994) Midnight
11%
Let's Go(1994) Motorcycle Ride
11%
Life Won't Wait(1998) New Dress
11%
Indestructible(2003) Otherside
11%
Rancid(2000) Rattlesnake
11%
Rancid(2000) Reconciliation
11%
Rancid(1993) Rejected
11%
Indestructible(2003) Roadblock
11%
Rancid(2000) Rwanda
11%
...And Out Come the Wolves(1995) She's Automatic
11%
Life Won't Wait(1998) Something in the World Today
11%
Indestructible(2003) Spirit of '87
11%
Indestructible(2003) Stand Your Ground
11%
Indestructible(2003) Start Now
11%
...And Out Come the Wolves(1995) The 11th Hour
11%
Rancid(1993) The Bottle
11%
B Sides and C Sides(2007) The Brothels
11%
...And Out Come the Wolves(1995) The Way I Feel
11%
Life Won't Wait(Bonus)(1998) Things to Come
11%
Tomorrow Never Comes(2023) Tomorrow Never Comes
11%
Indestructible(2003) Travis Bickle
11%
Rancid(1993) Trenches
11%
Indestructible(2003) Tropical London
11%
Life Won't Wait(1998) Turntable
11%
Rancid(Hidden)(1993) Union Blood
11%
Life Won't Wait(1998) Warsaw
11%
Life Won't Wait(1998) Who Would've Thought
11%
Life Won't Wait(1998) Wrongful Suspicion
11%
...And Out Come the Wolves(1995) You Don't Care Nothin'
11%
B Sides and C Sides(2007) 100 Years
0%
Trouble Maker(2017) All American Neighborhood
0%
...Honor is All We Know(2014) Already Dead
0%
Rancid(1993) Animosity
0%
Trouble Maker(2017) An Intimate Close Up of a Street Punk Trouble Maker
0%
Rancid(1993) Another Night
0%
Rancid(2000) Antennas
0%
...Honor is All We Know(2014) A Power Inside
0%
...Honor is All We Know(2014) Back Where I Belong
0%
Trouble Maker(2017) Beauty of the Pool Hall
0%
B Sides and C Sides(2007) Ben Zanotto
0%
...And Out Come the Wolves(Bonus)(1995) Blast 'Em
0%
Trouble Maker(2017) Bovver Rock and Roll
0%
...Honor is All We Know(Bonus)(2014) Breakdown
0%
B Sides and C Sides(2007) Brixton
0%
Trouble Maker(2017) Buddy
0%
Let the Dominoes Fall(2009) Civilian Ways
0%
B Sides and C Sides(2007) Clockwork Orange
0%
Trouble Maker(2017) Cold Cold Blood
0%
...Honor is All We Know(2014) Collision Course
0%
Let the Dominoes Fall(2009) Damnation
0%
B Sides and C Sides(2007) Dead and Gone
0%
Tomorrow Never Comes(2023) Devil in Disguise
0%
B Sides and C Sides(2007) Devils Dance
0%
...Honor is All We Know(2014) Diabolical
0%
Let the Dominoes Fall(2009) Disconnected
0%
B Sides and C Sides(Bonus)(2007) Blacklisted
0%
Tomorrow Never Comes(2023) Don't Make Me Do It
0%
Tomorrow Never Comes(2023) Drop Dead Inn
0%
Let the Dominoes Fall(2009) East Bay Night
0%
Tomorrow Never Comes(2023) Eddie the Butcher
0%
B Sides and C Sides(2007) Empros Lap Dog
0%
B Sides and C Sides(2007) Endrina
0%
...Honor is All We Know(2014) Everybody's Sufferin'
0%
...Honor is All We Know(2014) Evil's My Friend
0%
...Honor is All We Know(2014) Face Up
0%
Trouble Maker(2017) Farewell Lola Blue
0%
Trouble Maker(2017) Ghost of a Chance
0%
Trouble Maker(Bonus)(2017) Go on Rise Up
0%
Tomorrow Never Comes(2023) Hear Us Out
0%
Tomorrow Never Comes(2023) Hellbound Train
0%
Let the Dominoes Fall(2009) I Ain't Worried
0%
Rancid(2000) I Am Forever
0%
Trouble Maker(2017) I Got Them Blues Again
0%
Trouble Maker(2017) I Kept a Promise
0%
...Honor is All We Know(2014) In the Streets
0%
Tomorrow Never Comes(2023) It's a Road to Righteousness
0%
B Sides and C Sides(2007) I Wanna Riot
0%
Radio Radio Radio(1993) Just a Feeling
0%
B Sides and C Sides(2007) Kill the Lights
0%
Let the Dominoes Fall(2009) LA River
0%
Let the Dominoes Fall(2009) Last One to Die
0%
Let the Dominoes Fall(2009) Liberty and Freedom
0%
Tomorrow Never Comes(2023) Live Forever
0%
Let the Dominoes Fall(2009) Locomotive
0%
Rancid(2000) Loki
0%
Let the Dominoes Fall(2009) Lulu
0%
Tomorrow Never Comes(2023) Magnificent Rogue
0%
Trouble Maker(2017) Make It Out Alive
0%
...Honor is All We Know(2014) Malfunction
0%
Rancid EP(1992) Media Controller
0%
Indestructible(2003) Memphis
0%
Trouble Maker(2017) Molly Make Up Your Mind
0%
Tomorrow Never Comes(2023) Mud, Blood, & Gold
0%
Trouble Maker(Bonus)(2017) Never Forget Us
0%
Tomorrow Never Comes(2023) New American
0%
Let the Dominoes Fall(2009) New Orleans
0%
Rancid(2000) Not to Regret
0%
...Honor is All We Know(2014) Now We're Through With You
0%
Let the Dominoes Fall(Bonus)(2009) Oil and Opium
0%
Tomorrow Never Comes(2023) One Way Ticket
0%
Let the Dominoes Fall(Bonus)(2009) Outgunned
0%
Rancid(1993) Outta My Mind
0%
Rancid(2000) Poison
0%
Tomorrow Never Comes(2023) Prisoners Song
0%
...Honor is All We Know(2014) Raise Your Fist
0%
...Honor is All We Know(Bonus)(2014) Rancid's Barmy Army
0%
Rancid(2000) Rigged on a Fix
0%
Trouble Maker(2017) Say Goodbye to Our Heroes
0%
Rancid(Bonus)(2000) Sick Sick World
0%
Let the Dominoes Fall(2009) Skull City
0%
...Honor is All We Know(Bonus)(2014) Something to Believe in a World Gone Mad
0%
B Sides and C Sides(2007) Stop
0%
Indestructible(Bonus)(2003) Stranded
0%
B Sides and C Sides(2007) Tattoo
0%
Trouble Maker(2017) Telegraph Avenue
0%
...And Out Come the Wolves(Bonus)(1995) That's Entertainment
0%
Let the Dominoes Fall(2009) That's Just the Way It is Now
0%
Tomorrow Never Comes(2023) The Bloody & Violent History
0%
Let the Dominoes Fall(2009) The Bravest Kids
0%
Let the Dominoes Fall(2009) The Highway
0%
Rancid EP(1992) The Sentence
0%
Trouble Maker(2017) This is Not the End
0%
Let the Dominoes Fall(2009) This Place
0%
Trouble Maker(2017) Track Fast
0%
...Honor is All We Know(Bonus)(2014) Turn in Your Badge
0%
Rancid(1993) Unwritten Rules
0%
Let the Dominoes Fall(2009) Up to No Good
0%
Trouble Maker(Bonus)(2017) We Arrived Right on Time
0%
Tomorrow Never Comes(2023) When the Smoke Clears
0%
Trouble Maker(2017) Where I'm Going
0%
Rancid(1993) Whirlwind
0%
B Sides and C Sides(2007) White Knuckle Ride
0%
B Sides and C Sides(Bonus)(2007) X-Mas Eve (She Got Up And Left Me)
0%
Rancid(2000) Young Al Capone
0%
Let the Dominoes Fall(2009) You Want It, You Got It
0%
No matching quizzes found
Score Distribution
Percent of People with Each Score
Percentile by Number Answered
Your Score History
You have not taken this quiz